| 000 | 00522nam a22001577a 4500 | ||
|---|---|---|---|
| 999 |
_c18265 _d18265 |
||
| 008 | 200306b xxu||||| |||| 00| 0 eng d | ||
| 020 | _a1449647391 | ||
| 040 |
_aKABU _cKABU |
||
| 050 |
_aQA76.585 _b.J36 2013 c. 1 |
||
| 100 | _aJamsa, Kris | ||
| 245 |
_aCloud computing _bSaaS, PaaS, LaaS, Vitualization, Business Models, Mobile, Security, and More _cKris Jamsa |
||
| 260 |
_aBurlington, MA _bJones & Bartlett Learning _c2013 |
||
| 300 | _axix, 322 p. | ||
| 650 | _aCloud computing | ||
| 942 |
_2lcc _cBK _hQA76.585 |
||